[Event "GRE-ch (Women) 41st"]
[Site "Thessaloniki"]
[Date "2018.12.14"]
[Round "3"]
[White "Tsivelekidou, Evgenia"]
[Black "Makka, Ioulia"]
[Result "0-1"]
[WhiteElo "1861"]
[BlackElo "2065"]
[PlyCount "126"]
[EventDate "2018.12.12"]
[EventType "tourn"]
[EventRounds "9"]
[EventCountry "GRE"]
[SourceTitle "CBM 187 Extra"]
[Source "ChessBase"]
[SourceDate "2018.11.04"]
[SourceVersion "1"]
[SourceVersionDate "2018.11.04"]
[SourceQuality "1"]

1. d4 Nf6 2. c4 e6 3. g3 Bb4+ 4. Bd2 Qe7 5. Bg2 Nc6 6. e3 d5 7. Nf3 0-0 8. 0-0 b6 9. Qa4 Bb7 10. Ne5 Bxd2 11. Nxc6 Qd7 12. Nxd2 Bxc6 13. Qc2 dxc4 14. Bxc6 Qxc6 15. Qxc4 Qd7 16. Rfd1 Rfc8 17. b4 a5 18. a3 axb4 19. axb4 Ra4 20. Rxa4 Qxa4 21. Rc1 b5 22. Qb3 Nd5 23. Rb1 Qxb3 24. Rxb3 Ra8 25. e4 Ne7 26. Nb1 Ra1 27. Kg2 f5 28. Nc3 fxe4 29. Nxb5 Nd5 30. Nc3 e3 31. fxe3 Nxe3+ 32. Kf3 Nf5 33. Nb5 c6 34. g4 cxb5 35. gxf5 Rf1+ 36. Kg3 Rxf5 37. Rc3 Kf7 38. Rc7+ Kf6 39. Rb7 h6 40. h4 g6 41. Rh7 h5 42. Rh8 Rd5 43. Rf8+ Ke7 44. Rf4 Rf5 45. Re4 Kd6 46. Re3 Kd5 47. Re1 g5 48. hxg5 Rxg5+ 49. Kh3 Kxd4 50. Rxe6 Kc3 51. Re4 Rg4 52. Re5 Kxb4 53. Rxh5 Rg8 54. Rh7 Kb3 55. Rb7 b4 56. Kh4 Ka3 57. Ra7+ Kb2 58. Rb7 b3 59. Rb6 Ka2 60. Ra6+ Kb1 61. Rb6 b2 62. Rb7 Ra8 63. Kg4 Ka1 0-1

[Event "Wch U18 Girls"]
[Site "Porto Carras"]
[Date "2018.10.28"]
[Round "9.27"]
[White "Bauyrzhan, Arnash"]
[Black "Tsivelekidou, Evgenia"]
[Result "1/2-1/2"]
[WhiteElo "2011"]
[BlackElo "1891"]
[PlyCount "121"]
[EventDate "2018.10.20"]
[EventType "swiss"]
[EventRounds "11"]
[EventCountry "GRE"]
[SourceTitle "CBM 187 Extra"]
[Source "ChessBase"]
[SourceDate "2018.11.04"]
[SourceVersion "1"]
[SourceVersionDate "2018.11.04"]
[SourceQuality "1"]

1. e4 e5 2. Nf3 Nc6 3. Bc4 Nf6 4. d3 Be7 5. 0-0 0-0 6. h3 d6 7. a4 Be6 8. Nbd2 Qd7 9. Bxe6 fxe6 10. Nc4 Rae8 11. c3 a5 12. Bd2 Bd8 13. Qe2 Qf7 14. b4 b6 15. bxa5 Nxa5 16. Nxa5 bxa5 17. d4 exd4 18. cxd4 Nh5 19. Ra3 Nf4 20. Bxf4 Qxf4 21. Nd2 d5 22. Rf3 Qd6 23. Rxf8+ Rxf8 24. Nb3 e5 25. Rd1 dxe4 26. dxe5 Qxe5 27. Qc4+ Kh8 28. Nc5 Re8 29. Nxe4 h6 30. Ng3 Be7 31. Rd7 Bd6 32. Rf7 Qe1+ 33. Kh2 Qe6 34. Qxe6 Rxe6 35. Rf3 Re4 36. Ra3 Rd4 37. Ra1 Kg8 38. Kg1 Bxg3 39. fxg3 Rc4 40. Ra2 Kf7 41. Kf2 Ke6 42. Ke3 Ke5 43. Kd3 Kd5 44. g4 Rb4 45. Kc3 c5 46. Rd2+ Rd4 47. Ra2 c4 48. Rb2 Rd3+ 49. Kc2 Rg3 50. Rb5+ Kd4 51. Rxa5 Rxg2+ 52. Kb1 Rg3 53. Ra7 g5 54. a5 Rxh3 55. Ra8 Ra3 56. Kb2 Ra4 57. a6 Kc5 58. a7 Kb6 59. Kc3 Kb7 60. Rh8 Kxa7 61. Rxh6 1/2-1/2

[Event "Wch U18 Girls"]
[Site "Porto Carras"]
[Date "2018.10.23"]
[Round "5"]
[White "Tsivelekidou, Evgenia"]
[Black "Salas Estrada, Ana Valeria"]
[Result "1-0"]
[WhiteElo "1891"]
[BlackElo "1593"]
[PlyCount "57"]
[EventDate "2018.10.20"]
[EventType "swiss"]
[EventRounds "11"]
[EventCountry "GRE"]
[SourceTitle "CBM 187 Extra"]
[Source "ChessBase"]
[SourceDate "2018.11.04"]
[SourceVersion "1"]
[SourceVersionDate "2018.11.04"]
[SourceQuality "1"]

1. d4 Nf6 2. c4 g6 3. Nc3 Bg7 4. Nf3 0-0 5. Bf4 d6 6. h3 Nfd7 7. e3 c5 8. Be2 Nc6 9. 0-0 Re8 10. d5 Nce5 11. Nxe5 Nxe5 12. Qd2 a6 13. e4 Rb8 14. Bh6 Bh8 15. f4 Nd7 16. Kh1 Qa5 17. a4 Bxc3 18. bxc3 Nf6 19. Bd3 Nh5 20. Kg1 e6 21. f5 exd5 22. exd5 Ng3 23. Rf3 Nxf5 24. Bxf5 Bxf5 25. Rxf5 b5 26. Rf3 b4 27. Qf4 f5 28. Qxd6 b3 29. Qd7 1-0

[Event "Wch U18 Girls"]
[Site "Porto Carras"]
[Date "2018.10.21"]
[Round "3"]
[White "Mocanu, Valeria"]
[Black "Tsivelekidou, Evgenia"]
[Result "1-0"]
[WhiteElo "1800"]
[BlackElo "1891"]
[PlyCount "83"]
[EventDate "2018.10.20"]
[EventType "swiss"]
[EventRounds "11"]
[EventCountry "GRE"]
[SourceTitle "CBM 187 Extra"]
[Source "ChessBase"]
[SourceDate "2018.11.04"]
[SourceVersion "1"]
[SourceVersionDate "2018.11.04"]
[SourceQuality "1"]

1. e4 c6 2. Nc3 d5 3. Nf3 Bg4 4. h3 Bxf3 5. Qxf3 Nf6 6. d3 e6 7. g3 Bb4 8. Bd2 Qb6 9. 0-0-0 d4 10. Ne2 Bxd2+ 11. Rxd2 Nbd7 12. g4 c5 13. Rd1 Qa5 14. Kb1 b5 15. Qg3 Qb6 16. e5 Ng8 17. f4 Ne7 18. Bg2 Rb8 19. Rhf1 Qc7 20. c3 dxc3 21. Nxc3 f5 22. exf6 Nxf6 23. Rde1 b4 24. Ne4 Nxe4 25. Rxe4 0-0 26. Rxe6 Qd7 27. f5 Nd5 28. Bxd5 Qxd5 29. Qf3 Qd7 30. Rfe1 b3 31. a3 Rbd8 32. d4 Qxd4 33. Qxb3 Rb8 34. Qc2 Rfd8 35. Rc1 c4 36. Re2 Rdc8 37. Qc3 Qd6 38. Rd2 Qe7 39. Rdc2 Qe4 40. Re1 Qd5 41. Re7 Qd1+ 42. Ka2 1-0

[Event "GRE-chT 46th"]
[Site "Rio Achaia"]
[Date "2018.07.15"]
[Round "7.3"]
[White "Papadopoulou, Marilena"]
[Black "Tsivelekidou, Evgenia"]
[Result "0-1"]
[WhiteElo "1275"]
[BlackElo "2007"]
[PlyCount "58"]
[EventDate "2018.07.10"]
[EventType "team"]
[EventRounds "7"]
[EventCountry "GRE"]
[SourceTitle "CBM 185 Extra"]
[Source "ChessBase"]
[SourceDate "2018.07.29"]
[SourceVersion "1"]
[SourceVersionDate "2018.07.29"]
[SourceQuality "1"]
[WhiteTeam "Piraikos"]
[BlackTeam "Kavalas"]
[WhiteTeamCountry "GRE"]
[BlackTeamCountry "GRE"]

1. e4 c6 2. d4 d5 3. Nc3 dxe4 4. Nxe4 Bf5 5. Ng3 Bg6 6. h4 h6 7. Nf3 Nd7 8. h5 Bh7 9. Bd3 Bxd3 10. Qxd3 e6 11. Bd2 Ngf6 12. 0-0-0 Be7 13. Kb1 0-0 14. Ne4 Nxe4 15. Qxe4 Nf6 16. Qe2 c5 17. Bc1 cxd4 18. Rxd4 Qb6 19. Rd3 Rfd8 20. Rb3 Qc7 21. g4 Nd5 22. g5 hxg5 23. Bxg5 Bxg5 24. Nxg5 Rac8 25. h6 Nf4 26. Qe4 f5 27. h7+ Kh8 28. Qxf4 Qxc2+ 29. Ka1 Rd1+ 0-1

[Event "GRE-chT 46th"]
[Site "Rio Achaia"]
[Date "2018.07.14"]
[Round "6.2"]
[White "Tsivelekidou, Evgenia"]
[Black "Pasoglou, Ekaterini"]
[Result "1-0"]
[WhiteElo "2007"]
[BlackElo "1849"]
[PlyCount "169"]
[EventDate "2018.07.10"]
[EventType "team"]
[EventRounds "7"]
[EventCountry "GRE"]
[SourceTitle "CBM 185 Extra"]
[Source "ChessBase"]
[SourceDate "2018.07.29"]
[SourceVersion "1"]
[SourceVersionDate "2018.07.29"]
[SourceQuality "1"]
[WhiteTeam "Kavalas"]
[BlackTeam "Thessaloniki"]
[WhiteTeamCountry "GRE"]
[BlackTeamCountry "GRE"]

1. d4 Nf6 2. Nf3 e6 3. Bf4 c5 4. e3 d5 5. c3 Nc6 6. Nbd2 Bd6 7. Bg3 0-0 8. Bb5 Ne7 9. Bd3 Ng6 10. Bxg6 hxg6 11. Bxd6 Qxd6 12. Ne5 Bd7 13. 0-0 Bc6 14. a4 a5 15. f4 Nd7 16. Nxd7 Bxd7 17. Nf3 Be8 18. Qd3 Qb6 19. Ne5 Rc8 20. Rf2 c4 21. Qc2 Rc7 22. Rf3 f6 23. Ng4 Qb3 24. Qxb3 cxb3 25. Nf2 Rc4 26. Nd3 b6 27. Ra3 Bxa4 28. Rf2 Kf7 29. Nc1 Rb8 30. Nxb3 Bxb3 31. Rxb3 b5 32. Ra3 a4 33. Rd2 Ke7 34. Kf2 Kd6 35. Kf3 Kd7 36. e4 Re8 37. e5 f5 38. Re2 Rh8 39. g3 Rhc8 40. Rd2 Ke7 41. Ke3 R8c7 42. Kd3 Kd7 43. Rc2 Kc6 44. b3 axb3 45. Rxb3 Ra7 46. Rcb2 Ra5 47. g4 Rca4 48. gxf5 gxf5 49. Rg2 Ra7 50. Rg6 Re7 51. Rb2 Ra3 52. Kc2 Kb6 53. Rb3 Ra2+ 54. Rb2 Ra3 55. Rb3 Ra2+ 56. Rb2 Ra4 57. Kb3 Raa7 58. Rbg2 Rac7 59. R2g5 Ka5 60. Rg2 Kb6 61. h4 Ra7 62. h5 Rac7 63. Ra2 Ra7 64. Rxa7 Kxa7 65. Kb4 Kb6 66. Rg2 Ra7 67. Rg6 Re7 68. h6 gxh6 69. Rxh6 Kc6 70. Rh8 Ra7 71. Rc8+ Kd7 72. Rc5 Ra1 73. Rxb5 Rf1 74. Kc5 Rxf4 75. Rb7+ Kc8 76. Re7 Rf3 77. Rxe6 Rxc3+ 78. Kxd5 Ra3 79. Rf6 Ra5+ 80. Ke6 Ra4 81. d5 f4 82. d6 Rd4 83. Rf8+ Kb7 84. d7 Kc7 85. Rc8+ 1-0

[Event "GRE-chT 46th"]
[Site "Rio Achaia"]
[Date "2018.07.11"]
[Round "2.2"]
[White "Tsivelekidou, Evgenia"]
[Black "Giotsa, Marilena"]
[Result "1-0"]
[WhiteElo "2007"]
[BlackElo "1008"]
[PlyCount "39"]
[EventDate "2018.07.10"]
[EventType "team"]
[EventRounds "7"]
[EventCountry "GRE"]
[SourceTitle "CBM 185 Extra"]
[Source "ChessBase"]
[SourceDate "2018.07.29"]
[SourceVersion "1"]
[SourceVersionDate "2018.07.29"]
[SourceQuality "1"]
[WhiteTeam "Kavalas"]
[BlackTeam "The Christ of Chania"]
[WhiteTeamCountry "GRE"]
[BlackTeamCountry "GRE"]

1. d4 Nf6 2. c4 d6 3. Nf3 b6 4. Nc3 Bb7 5. Bg5 Nfd7 6. e3 g6 7. Be2 Bg7 8. 0-0 0-0 9. Nd5 Nc6 10. a3 Rc8 11. b4 Re8 12. Rc1 f6 13. Bh4 e5 14. Re1 Re6 15. Qb3 Qf8 16. c5 dxc5 17. Nxf6+ Nxf6 18. Qxe6+ Kh8 19. bxc5 Ne7 20. dxe5 1-0

[Event "GRE-chT 46th"]
[Site "Rio Achaia"]
[Date "2018.07.10"]
[Round "1.2"]
[White "Gavriil, Odysseas Panagiotis"]
[Black "Tsivelekidou, Evgenia"]
[Result "1/2-1/2"]
[WhiteElo "1910"]
[BlackElo "2007"]
[PlyCount "106"]
[EventDate "2018.07.10"]
[EventType "team"]
[EventRounds "7"]
[EventCountry "GRE"]
[SourceTitle "CBM 185 Extra"]
[Source "ChessBase"]
[SourceDate "2018.07.29"]
[SourceVersion "1"]
[SourceVersionDate "2018.07.29"]
[SourceQuality "1"]
[WhiteTeam "My Mountains"]
[BlackTeam "Kavalas"]
[WhiteTeamCountry "GRE"]
[BlackTeamCountry "GRE"]

1. d4 Nf6 2. Bg5 d5 3. Bxf6 exf6 4. e3 c6 5. g3 Bd6 6. Bg2 Qb6 7. Qc1 0-0 8. Ne2 f5 9. 0-0 Nd7 10. Nd2 Nf6 11. c4 Qd8 12. Qc2 Be6 13. a3 a5 14. c5 Bc7 15. b4 axb4 16. axb4 Qd7 17. Nc3 Ng4 18. Qb2 g5 19. b5 Rxa1 20. Rxa1 f4 21. e4 fxg3 22. hxg3 f5 23. exd5 cxd5 24. Qb3 Nf6 25. Re1 Ne4 26. Ndxe4 fxe4 27. Ne2 Qf7 28. Qe3 h6 29. Rf1 Bg4 30. Nc3 Bf3 31. Re1 Bg4 32. Rf1 Qf5 33. c6 bxc6 34. bxc6 Rf6 35. Nb5 Rxc6 36. Nxc7 Rxc7 37. f3 Bxf3 38. Bxf3 exf3 39. Rxf3 Qe4 40. Qxe4 dxe4 41. Re3 Re7 42. Kf2 h5 43. Re2 Kg7 44. Ke3 Kg6 45. Rf2 h4 46. gxh4 gxh4 47. d5 Kg5 48. d6 Rd7 49. Kxe4 Rxd6 50. Kf3 Rd3+ 51. Kg2 Kg4 52. Rc2 Rd4 53. Rb2 Rc4 1/2-1/2

[Event "GRE-ch U16"]
[Site "Rio Achaia"]
[Date "2018.07.08"]
[Round "8"]
[White "Triantos, Konstantinos"]
[Black "Tsivelekidou, Evgenia"]
[Result "0-1"]
[WhiteElo "2078"]
[BlackElo "2007"]
[PlyCount "86"]
[EventDate "2018.07.03"]
[EventType "swiss"]
[EventRounds "9"]
[EventCountry "GRE"]
[SourceTitle "EXT 2019"]
[Source "ChessBase"]
[SourceDate "2018.10.10"]
[SourceVersion "1"]
[SourceVersionDate "2018.10.10"]
[SourceQuality "1"]

1. e4 e5 2. Nf3 Nc6 3. Bb5 a6 4. Ba4 Nf6 5. 0-0 Be7 6. d3 b5 7. Bb3 d6 8. a3 0-0 9. Nc3 Nb8 10. Ne2 Nbd7 11. c3 Nc5 12. Bc2 Re8 13. Ng3 Bf8 14. b4 Ncd7 15. Bb3 h6 16. Nh4 Nb6 17. Ng6 d5 18. Nxf8 Kxf8 19. f4 dxe4 20. fxe5 Rxe5 21. Bf4 Re8 22. dxe4 Qxd1 23. Raxd1 Be6 24. Bxe6 Rxe6 25. Bxc7 Nc4 26. Rd4 Rae8 27. Re1 Nxa3 28. Re2 Nc4 29. h3 h5 30. h4 g6 31. Ra2 Nxe4 32. Nxe4 Rxe4 33. Rxa6 Ne3 34. Rxe4 Rxe4 35. Ra8+ Kg7 36. Rb8 Nd5 37. Rc8 Nxc3 38. Bd6 Nd5 39. Rc5 Nxb4 40. Rxb5 Nd3 41. Rd5 Re1+ 42. Kh2 Nf2 43. Be5+ Rxe5 0-1